书目信息 |
| 题名: |
营销破局八大策略
|
|
| 作者: | 崔自三 著 | |
| 分册: | ||
| 出版信息: | 沈阳 万卷出版公司 2012 |
|
| 页数: | 223页 | |
| 开本: | 24cm | |
| 丛书名: | 博瑞森中小企业管理丛书 | |
| 单 册: | ||
| 中图分类: | F276.3 | |
| 科图分类: | ||
| 主题词: | 中小企业--市场营销学 , 中小企业 , 市场营销学 | |
| 电子资源: | ||
| ISBN: | 978-7-5470-1524-7 | |
| 000 | 00910nam0 2200277 450 | |
| 001 | 523 | |
| 005 | 20140909092629.25 | |
| 010 | @a978-7-5470-1524-7@dCNY45.00 | |
| 100 | @a20120516d2012 em y0chiy50 ea | |
| 101 | 0 | @achi |
| 102 | @aCN@b210000 | |
| 105 | @ay z 000yy | |
| 106 | @ar | |
| 200 | 1 | @a营销破局八大策略@AYing Xiao Po Ju Ba Da Ce Lue@f崔自三著@FCui Zi San Zhu |
| 210 | @a沈阳@c万卷出版公司@d2012 | |
| 215 | @a223页@d24cm | |
| 225 | 2 | @a博瑞森中小企业管理丛书 |
| 330 | @a本书总结出了中国企业遇到的八大发展瓶颈,给出了突破瓶颈的思路,还详细的讲述了营销破局及市场业绩提升的八大策略,给企业提供了可资参考的建议、模版或方法。 | |
| 461 | 0 | @12001 @a博瑞森中小企业管理丛书 |
| 606 | 0 | @a中小企业@x市场营销学 |
| 606 | 0 | @a中小企业 |
| 606 | 0 | @a市场营销学 |
| 690 | @aF276.3@v5 | |
| 701 | 0 | @a崔自三@ACui Zi San@4著 |
| 801 | 0 | @aCN@bTANGWEI@c20140603 |
| 905 | @b0838588-90@dF276.3@e1109@f3 | |
| 营销破局八大策略/崔自三著.-沈阳:万卷出版公司,2012 |
| 223页;24cm.-(博瑞森中小企业管理丛书) |
| ISBN 978-7-5470-1524-7:CNY45.00 |
| 本书总结出了中国企业遇到的八大发展瓶颈,给出了突破瓶颈的思路,还详细的讲述了营销破局及市场业绩提升的八大策略,给企业提供了可资参考的建议、模版或方法。 |
| ● |
| 相关链接 |
|
|
|
|
正题名:营销破局八大策略
索取号:F276.3/1109
 
预约/预借
| 序号 | 登录号 | 条形码 | 馆藏地/架位号 | 状态 | 备注 |
| 1 | 0838588 | 208385889 | 第一样本阅览室/ [索取号:F276.3/1109] | 在馆 | |
| 2 | 0838589 | 208385898 | 第一借阅区/ [索取号:F276.3/1109] | 在馆 | |
| 3 | 0838590 | 208385905 | 密集书库-海洋学院/ [索取号:F276.3/1109] | 在馆 |